Manual de lectura fácil : (Record no. 23591)

000 -CABECERA
fixed length control field 01173nam a22002897i 4500
003 - IDENTIFICADOR DEL NÚMERO DE CONTROL
control field AR-CdUCM
008 - DATOS DE LONGITUD FIJA--INFORMACIÓN GENERAL
fixed length control field 260406b20222022ag a|||| |||| 00| 0 spa d
020 ## - NÚMERO INTERNACIONAL ESTÁNDAR DEL LIBRO
ISBN 978-950-23-3257-4
040 ## - FUENTE DE LA CATALOGACIÓN
Agencia/entidad que catalogó originalmente la obra MUNICIPALIDAD PROVINCIAL DEL CUSCO
Entidad que transcribió la catalogación BIBLIOTECA MUNICIPAL DEL CUSCO
082 ## - NÚMERO DE LA CLASIFICACIÓN DECIMAL DEWEY
No. de Clasificación 372.4147
Notacion interna N55
100 ## - ENTRADA PRINCIPAL--NOMBRE DE PERSONA
Nombre Personal Nielsen, Clara
245 ## - MENCIÓN DE TÍTULO
Título Manual de lectura fácil :
Resto del título Como escribir textos accesibles para personas con dificultades lectoras /
260 ## - PUBLICACIÓN, DISTRIBUCIÓN, ETC.
Lugar de publicación, distribución, etc. Buenos Aires-Argentina :
Nombre de la editorial, distribuidor, etc. Editorial Universitaria de Buenos Aires
Fecha de publicación, distribución, etc. 2022
300 ## - DESCRIPCIÓN FÍSICA
Nº de Páginas Extensión 363 páginas. :
Dimensiones 17x22 cm.
500 ## - NOTA GENERAL
Bibliografía páginas 362 - 363
505 ## - NOTA DE CONTENIDO CON FORMATO
Nota de contenido formateada La lectura fácil -- El manual Visibilia -- La lectura fácil -- La teoría -- La comunicación, el lenguaje y el idioma -- El receptor -- Construimos a nuestro receptor -- El texto que vamos a adaptar -- Escribir -- La gramática -- La ortografía
650 ## - PUNTO DE ACCESO ADICIONAL DE MATERIA--TÉRMINO DE MATERIA
Descriptor Lectura
9 (RLIN) 2069
650 ## - PUNTO DE ACCESO ADICIONAL DE MATERIA--TÉRMINO DE MATERIA
Descriptor Idioma
9 (RLIN) 3027
650 ## - PUNTO DE ACCESO ADICIONAL DE MATERIA--TÉRMINO DE MATERIA
Descriptor Teoria
9 (RLIN) 5077
650 ## - PUNTO DE ACCESO ADICIONAL DE MATERIA--TÉRMINO DE MATERIA
Descriptor Comunicacion
9 (RLIN) 52524
650 ## - PUNTO DE ACCESO ADICIONAL DE MATERIA--TÉRMINO DE MATERIA
Descriptor Lenguaje
9 (RLIN) 52525
650 ## - PUNTO DE ACCESO ADICIONAL DE MATERIA--TÉRMINO DE MATERIA
Descriptor Escribir
9 (RLIN) 16563
856 ## - LOCALIZACIÓN Y ACCESO ELECTRÓNICOS
Dirección electrónica www.eudeba.com.ar
942 ## - ELEMENTOS DE PUNTO DE ACCESO ADICIONAL (KOHA)
Fuente de clasificación
Tipo de item Libros-BMC
945 ## - PROCESAMIENTO DE INFORMACIÓN LOCAL (OCLC)
Catalogador pbjr
AAAA-MM-DD - Fecha de ingreso o modificacion 06-04-2026
Holdings
Estado de retiro (separado) Fuente de clasificación o esquema de estanterías Estado dañado Ubicación Sala donde se ubica Nombre de la colección Fecha de adquisición o compra Fuente de adquisición Costo, precio normal en soles Signatura topográfica Código de Barras Última vez visto (Koha) Tipo de ítem (Koha)
No     Administrador-biblioteca Administrador-biblioteca Book Cart 2026-04-07 Donación 40.00 372.4147 / N55 / e.2 SH0000017073 2026-04-07 Libros-BMC
No     Sala Humanidades Sala Humanidades Book Cart 2026-04-06 Donación 40.00 372.4147 / N55 SH0000017072 2026-04-06 Libros-BMC

Powered by Koha